[Event "Oberliga Sued W 0910"]
[Site "Germany"]
[Date "2010.01.24"]
[Round "5.6"]
[White "Rueckert, Helge"]
[Black "Hauer, Andreas"]
[Result "1/2-1/2"]
[WhiteElo "2086"]
[BlackElo "1970"]
[PlyCount "43"]
[EventDate "2009.10.18"]
[EventType "team-tourn"]
[EventRounds "9"]
[EventCountry "GER"]
[SourceTitle "EXT 2011"]
[Source "ChessBase"]
[SourceDate "2010.11.26"]
[SourceVersion "1"]
[SourceVersionDate "2010.11.26"]
[SourceQuality "1"]
[WhiteTeam "Illingen"]
[BlackTeam "Saarbruecken"]
[WhiteTeamCountry "GER"]
[BlackTeamCountry "GER"]

1. d4 d5 2. Nf3 c5 3. c4 e6 4. Nc3 Nf6 5. Bg5 cxd4 6. Nxd4 Be7 7. e3 0-0 8. Qf3 Nc6 9. Be2 Nxd4 10. exd4 dxc4 11. Rd1 Qa5 12. Bh4 Bd7 13. 0-0 Bc6 14. Qh3 Qb4 15. Rd2 Nd5 16. a3 Qa5 17. Bxe7 Nxe7 18. Bxc4 Nd5 19. b4 Qd8 20. f4 Nxc3 21. Qxc3 Bd5 22. Bxd5 1/2-1/2